• 首页
  • 本馆介绍
  • 公告通知
  • 最新文献
  • 馆藏检索
  • 电子资源
  • 读者导购
  • 参考咨询
  • 我的图书馆
  • 登录
  • 详细信息显示
  • 放入我的书架
  • 预约/预借图书
  • 作者相关作品
  • 分类相关作品
  • 丛书相关作品
  • 出版社相关作品

书目信息

  • 表格格式
  • 工作单格式
  • 卡片格式
题名:
贝雷油脂化学与工艺学
    
 
作者: 沙希迪 主编 ;王兴国 , 金青哲 主译
分册: 第5卷   食用油脂产品:加工技术
出版信息: 北京   中国轻工业出版社  2016.9
页数: 507页
开本: 26cm
丛书名:
单 册:
中图分类: TQ64 , TS225
科图分类:
主题词: 油脂化学 , 油脂制备--生产工艺 , 食用油--研究
电子资源:
ISBN: 978-7-5184-0785-9
000 01482nam0 2200325 450
001 0400001884
005 20171025154026.71
010    @a978-7-5184-0785-9@b精装@dCNY98.00
100    @a20161013e2016 em y0chiy50 ea
101 1  @achi@ceng
102    @aCN@b110000
105    @aa z 000yy
106    @ar
200 1  @a贝雷油脂化学与工艺学@9bei lei you zhi hua xue yu gong yi xue@h第5卷@i食用油脂产品:加工技术@dBailey''s industrial oil and fat products@hVolume 5@iEdible oil and fat products: processing technologies@f(加)Fereidoon Shahidi主编@g王兴国,金青哲主译@zeng
210    @a北京@c中国轻工业出版社@d2016.9
215    @a507页@c图@d26cm
300    @a国家出版基金项目 “十二五”国家重点出版物出版规划项目
305    @a据原书第6版译出
330    @a本书具体内容包括:油脂加工工艺概述,油脂制取,油籽和脂肪原料中油脂的获取,油脂的储存、处理和运输,包装,油脂吸附分离,脱色,脱臭,氢化加工技术,植物油深加工超临界技术,油脂的膜处理,人造奶油加工厂和设备,油籽饼粕挤压膨化生产食品和饲料。
510 1  @aBailey''s industrial oil and fat products@hVolume 5@iEdible oil and fat products: processing technologies@zeng
606 0  @a油脂化学
606 0  @a油脂制备@x生产工艺
606 0  @a食用油@x研究
690    @aTQ64@v5
690    @aTS225@v5
701  0 @c(加)@a沙希迪@9sha xi di@c(Shahidi, Fereidoon)@4主编
702  0 @a王兴国@9wang xing guo@4主译
702  0 @a金青哲@9jin qing zhe@4主译
801  0 @aCN@b91MARC@c20171019
905    @b1025876-80@dTQ64@f5@e65:5
    
    贝雷油脂化学与工艺学.第5卷.食用油脂产品:加工技术=Bailey''s industrial oil and fat products.Volume 5.Edible oil and fat products: processing technologies/(加)Fereidoon Shahidi主编/王兴国,金青哲主译.-北京:中国轻工业出版社,2016.9
    507页:图;26cm
    国家出版基金项目 “十二五”国家重点出版物出版规划项目
    
    ISBN 978-7-5184-0785-9(精装):CNY98.00
    本书具体内容包括:油脂加工工艺概述,油脂制取,油籽和脂肪原料中油脂的获取,油脂的储存、处理和运输,包装,油脂吸附分离,脱色,脱臭,氢化加工技术,植物油深加工超临界技术,油脂的膜处理,人造奶油加工厂和设备,油籽饼粕挤压膨化生产食品和饲料。
●
相关链接 在E读中查询图书 在五车中查询图书 在当当中查询图书 在豆瓣中查询图书


正题名:贝雷油脂化学与工艺学     索取号:TQ64/65:5         预约/预借

序号 登录号 条形码 馆藏地/架位号 状态 备注
1 1025876   210258763   第二样本阅览室/ [索取号:TQ64/65:5] 在馆    
2 1025877   210258772   密集书库-化学系/ [索取号:TQ64/65:5] 在馆    
3 1025878   210258781   第三借阅区/ [索取号:TQ64/65:5] 在馆    
4 1025879   210258790   第三借阅区/ [索取号:TQ64/65:5] 在馆    
5 1025880   210258807   第三借阅区/ [索取号:TQ64/65:5] 在馆    
唐山师范学院图书馆 欢迎您!
大连网信软件有限公司© 版权所有